Psychotraumatologie du travail (notice n° 1567658)

détails MARC
000 -LEADER
fixed length control field 01262cam a2200133 4500500
005 - DATE AND TIME OF LATEST TRANSACTION
control field 20251214003245.0
041 ## - LANGUAGE CODE
Language code of text/sound track or separate title fre
042 ## - AUTHENTICATION CODE
Authentication code dc
100 10 - MAIN ENTRY--PERSONAL NAME
Personal name Zawieja, Philippe
Relator term author
245 00 - TITLE STATEMENT
Title Psychotraumatologie du travail
260 ## - PUBLICATION, DISTRIBUTION, ETC.
Name of publisher, distributor, etc. Armand Colin,<br/>
Date of publication, distribution, etc. 2016.<br/>
520 ## - SUMMARY, ETC.
Summary, etc. Catastrophes industrielles, accidents du travail et du trajet, suicides et tentatives de suicide, violences sexuelles, violences interpersonnelles, violences crapuleuses, voire violences psychologiques… l’extension du domaine du trauma n’épargne pas le monde du travail. Étonnamment, l’épidémiologie officielle des traumas liés au travail contredit la quasi-banalité des ressentis traumatiques exprimés. Plus qu’un énième manuel de psychotraumatologie, cet ouvrage s’efforce d’identifier les spécificités du traumatisme physique survenant en contexte de travail, en soulignant les processus psychologiques à l’œuvre chez les victimes et les impliqués, et le rôle des intervenants internes ou externes dans la prise en charge, la construction de la résilience, la prévention ou la mise en récit du traumatisme professionnel.
856 41 - ELECTRONIC LOCATION AND ACCESS
Uniform Resource Identifier <a href="https://shs.cairn.info/psychotraumatologie-du-travail--9782200611958?lang=fr&redirect-ssocas=7080">https://shs.cairn.info/psychotraumatologie-du-travail--9782200611958?lang=fr&redirect-ssocas=7080</a>

Pas d'exemplaire disponible.

PLUDOC

PLUDOC est la plateforme unique et centralisée de gestion des bibliothèques physiques et numériques de Guinée administré par le CEDUST. Elle est la plus grande base de données de ressources documentaires pour les Étudiants, Enseignants chercheurs et Chercheurs de Guinée.

Adresse

627 919 101/664 919 101

25 boulevard du commerce
Kaloum, Conakry, Guinée

Réseaux sociaux

Powered by Netsen Group @ 2025